Score 0/12 Timer 01:00
0 Plays Today
% Correct
Friends
93.6%
Cheers
89.5%
Law & Order
88.9%
Breaking Bad
82.3%
Buffy the Vampire Slayer
81.2%
Grey's Anatomy
80.4%
Dallas
75.9%
JAG
71.7%
Love, American Style
70.2%
Doctor Who
50%
Vampire Diairies
46.4%
Pretty Little Liars
41.3%

Today's Daily Dose

Remove Ads.
Support Sporcle.
Get the best of Sporcle when you Go Orange. This ad-free experience offers more features, more stats, and more fun while also helping to support Sporcle. Thank you for becoming a member.

You're not logged in!

Compare scores with friends on all Sporcle quizzes.
OR
Log In

Show Comments

Extras

Top Quizzes Today


Score Distribution

Your Account Isn't Verified!

In order to create a playlist on Sporcle, you need to verify the email address you used during registration. Go to your Sporcle Settings to finish the process.

Report this User

Report this user for behavior that violates our Community Guidelines.

Details: